<?xml version="1.0" encoding="UTF-8"?><?xml-stylesheet type="text/xsl" href="static/style.xsl"?><OAI-PMH xmlns="http://www.openarchives.org/OAI/2.0/" xmlns:xsi="http://www.w3.org/2001/XMLSchema-instance" xsi:schemaLocation="http://www.openarchives.org/OAI/2.0/ http://www.openarchives.org/OAI/2.0/OAI-PMH.xsd"><responseDate>2026-06-04T01:44:34Z</responseDate><request verb="GetRecord" identifier="oai:riuma.uma.es:10630/17539" metadataPrefix="marc">https://riuma.uma.es/rest/oai/request</request><GetRecord><record><header><identifier>oai:riuma.uma.es:10630/17539</identifier><datestamp>2026-02-03T11:48:28Z</datestamp><setSpec>com_10630_2254</setSpec><setSpec>col_10630_37959</setSpec></header><metadata><record xmlns="http://www.loc.gov/MARC21/slim" xmlns:dcterms="http://purl.org/dc/terms/" xmlns:doc="http://www.lyncode.com/xoai" xmlns:xsi="http://www.w3.org/2001/XMLSchema-instance" xsi:schemaLocation="http://www.loc.gov/MARC21/slim http://www.loc.gov/standards/marcxml/schema/MARC21slim.xsd">
   <leader>00925njm 22002777a 4500</leader>
   <datafield ind2=" " ind1=" " tag="042">
      <subfield code="a">dc</subfield>
   </datafield>
   <datafield ind2=" " ind1=" " tag="720">
      <subfield code="a">Natera-Rivas, Juan José</subfield>
      <subfield code="e">author</subfield>
   </datafield>
   <datafield ind2=" " ind1=" " tag="720">
      <subfield code="a">Delgado, Melina</subfield>
      <subfield code="e">author</subfield>
   </datafield>
   <datafield ind2=" " ind1=" " tag="720">
      <subfield code="a">Batista-Zamora, Ana Ester</subfield>
      <subfield code="e">author</subfield>
   </datafield>
   <datafield ind2=" " ind1=" " tag="260">
      <subfield code="c">2019-04-23</subfield>
   </datafield>
   <datafield ind2=" " ind1=" " tag="520">
      <subfield code="a">La contribución que proponemos, enmarcada en la medición de las disparidades en la distribución espacial de la población en el espacio urbano, presenta la originalidad de que el instrumento estadístico utilizado para medir los niveles de segregación residencial de la población es el Índice de Theil. Este índice, a diferencia de otros ampliamente utilizados -como el de Disimilaridad o el de Segregación-, permite medir los niveles de segregación multigrupo, y, aunque ha sido muy empleado en estudios de distribución de la renta, su aplicación a la distribución espacial de la población es muy escasa.&#xd;
Nuestro objetivo es la medición de los niveles de segregación residencial multigrupo de la población del Gran San Miguel de Tucumán, dando cuenta, además, de su evolución en el periodo 1991/2010. El aglomerado del Gran San Miguel de Tucumán es el más grande de la región Noroeste de la República Argentina, y  su proceso de expansión espacial ha estado marcado por fuertes contrastes de población no sólo entre las localidades que lo conforman, sino también en el interior de las mismas. Como hemos indicado, emplearemos el Índice de Theil, y el nivel de desagregación espacial será el de radio censal, el más reducido que permite la fuente. El Censo no aporta información sobre los niveles de ingreso de la población o de los hogares, por lo que hemos tomado el nivel de instrucción como proxi de los mismos, diferenciando cuatro grupos a partir del nivel máximo de instrucción alcanzado. Los resultados obtenidos indican que la segregación residencial multigrupo ha ido en aumento pero, en contra de lo que cabría esperar, es la segregación correspondiente a la separación de los grupos de población con menores niveles de instrucción la responsable en mayor medida de dicho incremento.</subfield>
   </datafield>
   <datafield ind1="8" ind2=" " tag="024">
      <subfield code="a">https://hdl.handle.net/10630/17539</subfield>
   </datafield>
   <datafield tag="653" ind2=" " ind1=" ">
      <subfield code="a">Segregación</subfield>
   </datafield>
   <datafield ind2="0" ind1="0" tag="245">
      <subfield code="a">Evolución de los niveles de segregación residencial urbana multigrupo en el Gran San Miguel de Tucumán (1991/2010).</subfield>
   </datafield>
</record>
</metadata></record></GetRecord></OAI-PMH>